000 00306nam a2200121Ia 4500
008 190216s9999||||xx |||||||||||||| ||und||
100 _aThunjathu Ezhuthachan
245 0 _aAdhythma Ramayanam Balakandam
260 _bVidyarthimithram
_c1978
300 _a104p
650 _aMalayalam Kavitha
942 _cBK
999 _c25752
_d25752